[Event "Gelfand Challenge 2021"]
[Site "chess24.com INT"]
[Date "2021.06.12"]
[Round "15.4"]
[White "Saduakassova, Dinara"]
[Black "Praggnanandhaa, R"]
[Result "1/2-1/2"]
[WhiteTitle "IM"]
[BlackTitle "GM"]
[WhiteElo "2500"]
[BlackElo "2608"]
[WhiteFideId "13700090"]
[BlackFideId "25059530"]
[EventDate "2021.06.10"]

1. d4 Nf6 2. c4 e6 3. Nf3 d5 4. g3 h6 5. Bg2 Bd6 6. O-O O-O 7. Nc3 Nc6 8. b3
dxc4 9. bxc4 e5 10. Rb1 exd4 11. Nxd4 Ne5 12. Ndb5 Nxc4 13. Qd4 Be6 14. Nxd6
Nxd6 15. Bf4 Rc8 16. Rfd1 b6 17. a4 Qe7 18. Nb5 Nxb5 19. axb5 Bf5 20. Ra1 Rfd8
21. Qe5 Qxe5 22. Bxe5 Re8 23. Bxf6 gxf6 24. e3 Be4 25. Rxa7 Bxg2 26. Kxg2 Re5
27. Rc1 Rxb5 28. Rcxc7 Rxc7 29. Rxc7 h5 30. h3 Kg7 31. Kf3 Rb1 32. Rb7 b5 33.
Rb6 b4 34. Rb7 b3 35. Kf4 Rb2 36. Kf3 Kg6 37. Rb5 Rb1 38. Kf4 Rb2 39. Kf3 Rb1
40. Kf4 Rb2 41. Kf3 1/2-1/2

[Event "Gelfand Challenge 2021"]
[Site "chess24.com INT"]
[Date "2021.06.12"]
[Round "15.5"]
[White "Yoo, Christopher Woojin"]
[Black "Mendonca, Leon Luke"]
[Result "1-0"]
[WhiteTitle "IM"]
[BlackTitle "GM"]
[WhiteElo "2457"]
[BlackElo "2549"]
[WhiteFideId "30909694"]
[BlackFideId "35028561"]
[EventDate "2021.06.10"]

1. e4 c5 2. Nc3 d6 3. Bb5+ Bd7 4. Bxd7+ Qxd7 5. d4 cxd4 6. Qxd4 Nc6 7. Qd3 g6 8.
Nf3 Bg7 9. O-O Nf6 10. Nd5 O-O 11. Bg5 Ne8 12. Rad1 h6 13. Be3 Nc7 14. Rfe1 Rac8
15. c3 Qd8 16. h4 Ne6 17. Qb5 Rb8 18. e5 Re8 19. exd6 exd6 20. a4 a6 21. Qc4 Rc8
22. Nb6 Rc7 23. Qd5 Ne5 24. Nxe5 dxe5 25. Qe4 Qb8 26. Nd5 Rcc8 27. h5 Kh7 28.
hxg6+ fxg6 29. Bxh6 Bxh6 30. Nf6+ Kg7 31. Nxe8+ Rxe8 32. Rd7+ Kh8 33. Qxg6 Bg7
34. Re3 1-0

[Event "Gelfand Challenge 2021"]
[Site "chess24.com INT"]
[Date "2021.06.12"]
[Round "15.6"]
[White "Gukesh, D"]
[Black "Zhu, Jiner"]
[Result "1-0"]
[WhiteTitle "GM"]
[BlackTitle "WGM"]
[WhiteElo "2578"]
[BlackElo "2462"]
[WhiteFideId "46616543"]
[BlackFideId "8608059"]
[EventDate "2021.06.10"]

1. d4 Nf6 2. Nf3 e6 3. Bf4 d5 4. e3 c5 5. Nbd2 Nc6 6. c3 Bd6 7. Ne5 O-O 8. Bd3
Qc7 9. Ndf3 Ne7 10. O-O b6 11. Qb1 Ng6 12. Nxg6 hxg6 13. Bxd6 Qxd6 14. Ne5 a5
15. f4 Ba6 16. Bxa6 Rxa6 17. Rf3 Ne4 18. Rh3 b5 19. Qd1 Qe7 20. Qg4 c4 21. a3
Raa8 22. Rh4 g5 23. fxg5 Qxg5 24. Qh3 g6 25. Rh8+ Kg7 26. Qh7+ Kf6 27. Rf1+ 1-0

[Event "Gelfand Challenge 2021"]
[Site "chess24.com INT"]
[Date "2021.06.12"]
[Round "15.7"]
[White "Badelka, Olga"]
[Black "Nihal, Sarin"]
[Result "0-1"]
[WhiteTitle "IM"]
[BlackTitle "GM"]
[WhiteElo "2418"]
[BlackElo "2620"]
[WhiteFideId "13509926"]
[BlackFideId "25092340"]
[EventDate "2021.06.10"]

1. Nf3 g6 2. d4 Bg7 3. c4 d6 4. Nc3 Nc6 5. d5 Ne5 6. Nxe5 Bxe5 7. e4 Nf6 8. Qd3
O-O 9. Be2 Re8 10. O-O e6 11. Bg5 exd5 12. Nxd5 h6 13. Nxf6+ Bxf6 14. Bxh6 Qe7
15. f3 Bxb2 16. Rab1 Bg7 17. Bxg7 Kxg7 18. Qd5 Qe5 19. Rfd1 Rb8 20. g3 b6 21.
Qd2 Bd7 22. Bd3 Bc6 23. Qf2 Qf6 24. Re1 Re7 25. Re3 Qd4 26. Rbe1 Rbe8 27. g4 Re5
28. Bf1 Ra5 29. h4 Qe5 30. f4 Qd4 31. Bg2 Rc5 32. h5 Rxc4 33. hxg6 fxg6 34. f5
g5 35. Rf1 Kf6 36. Rfe1 Rh8 37. Bf1 Rc5 38. Bg2 Qe5 39. Bf1 Rh4 40. Rg3 Rc3 41.
Rxc3 Rxg4+ 42. Bg2 Qxc3 43. Qe2 Bxe4 44. Qxg4 Qxe1+ 45. Kh2 Bxf5 46. Qc4 Qh4+ 0-1

[Event "Gelfand Challenge 2021"]
[Site "chess24.com INT"]
[Date "2021.06.12"]
[Round "15.8"]
[White "Salimova, Nurgyul"]
[Black "Yip, Carissa"]
[Result "1-0"]
[WhiteTitle "IM"]
[BlackTitle "IM"]
[WhiteElo "2395"]
[BlackElo "2430"]
[WhiteFideId "2915138"]
[BlackFideId "2090732"]
[EventDate "2021.06.10"]

1. d4 d5 2. Nf3 g6 3. Nbd2 Bg7 4. e3 e6 5. b4 Ne7 6. c4 O-O 7. Bd3 Nd7 8. O-O c5
9. bxc5 Nxc5 10. Be2 b6 11. Ba3 Nd7 12. cxd5 exd5 13. Rc1 Bb7 14. Qa4 Nf6 15.
Ba6 Bxa6 16. Qxa6 Re8 17. Rc2 Ne4 18. Rfc1 Nxd2 19. Nxd2 Nf5 20. Nf3 Nh4 21.
Nxh4 Qxh4 22. Qb7 Qg5 23. g3 h5 24. h4 Qf5 25. Bd6 Bh6 26. Be5 Rad8 27. Rc7 Qf3
28. Bf4 Rxe3 29. Bxh6 Re2 30. Rf1 Rxf2 31. Rxf2 Qxg3+ 32. Kf1 Qd3+ 33. Kg1 Qg3+
34. Kf1 Qd3+ 35. Re2 Qd1+ 36. Kf2 Qxd4+ 37. Ke1 Qxh4+ 38. Kd1 Qd4+ 39. Kc2 Qa4+
40. Kc1 Qa3+ 41. Kb1 Qb4+ 42. Rb2 Qe4+ 43. Ka1 h4 44. Rc1 h3 45. Bg5 Re8 46. Bf6
Qf4 47. Qc6 Qe3 48. Rbc2 Kh7 49. Qxd5 Re6 50. Bb2 Qg3 51. Qd4 1-0

[Event "Gelfand Challenge 2021"]
[Site "chess24.com INT"]
[Date "2021.06.12"]
[Round "15.9"]
[White "Liang, Awonder"]
[Black "Abdusattorov, Nodirbek"]
[Result "1/2-1/2"]
[WhiteTitle "GM"]
[BlackTitle "GM"]
[WhiteElo "2592"]
[BlackElo "2634"]
[WhiteFideId "2056437"]
[BlackFideId "14204118"]
[EventDate "2021.06.10"]

1. e4 e5 2. Nf3 Nc6 3. Bb5 a6 4. Ba4 Nf6 5. O-O Nxe4 6. d4 b5 7. Bb3 d5 8. dxe5
Be6 9. Qe2 Be7 10. Rd1 O-O 11. c4 bxc4 12. Bxc4 Bc5 13. Be3 Bxe3 14. Qxe3 Qb8
15. Bb3 Qb6 16. Nbd2 Qxe3 17. fxe3 Na5 18. Nxe4 Nxb3 19. axb3 dxe4 20. Nd4 Rfb8
21. Rdc1 Rb7 22. Ra3 g6 23. Kf2 Rab8 24. Rxa6 Bxb3 25. Kg3 Bd5 26. Rc5 c6 27.
Nxc6 Bxc6 28. Raxc6 Rb3 29. Rc3 Rxb2 30. e6 fxe6 31. Rxe6 Rf8 32. Re7 Rf7 33.
Rxf7 Kxf7 34. Rc4 g5 35. Rxe4 h5 36. h3 Kf6 37. Kf3 Ra2 38. Rc4 Ra3 39. Rc6+ Kg7
40. Rb6 Ra2 41. Rb5 Kf6 42. Rb8 Rc2 43. Rh8 Kg6 44. Rg8+ Kf6 45. Rf8+ Kg7 46.
Rf5 Kg6 47. Ra5 Kf6 48. Ra1 g4+ 49. hxg4 hxg4+ 50. Kg3 Re2 51. Ra3 Kf5 52. Rb3
Kg5 53. Rb5+ Kf6 54. Rb3 Kg5 55. Rd3 Kf5 56. Kh2 Kg5 57. Kg3 Kf5 1/2-1/2

[Event "Gelfand Challenge 2021"]
[Site "chess24.com INT"]
[Date "2021.06.12"]
[Round "15.10"]
[White "Khademalsharieh, Sarasadat"]
[Black "Murzin, Volodar"]
[Result "1-0"]
[WhiteTitle "IM"]
[BlackTitle "IM"]
[WhiteElo "2494"]
[BlackElo "2502"]
[WhiteFideId "12512214"]
[BlackFideId "44155573"]
[EventDate "2021.06.10"]

1. d4 Nf6 2. c4 g6 3. g3 Bg7 4. Bg2 O-O 5. Nc3 d6 6. Nf3 Nbd7 7. O-O e5 8. e4 a6
9. h3 b5 10. cxb5 axb5 11. dxe5 Nxe5 12. Nxe5 dxe5 13. Bg5 c6 14. a3 Be6 15. Qc2
Qa5 16. b4 Qa6 17. Be3 Rfd8 18. Rfc1 Nd7 19. Nd1 Rdc8 20. Nb2 Nb6 21. Bf1 Qb7
22. Nd3 Nc4 23. Nc5 Nxe3 24. Nxb7 Nxc2 25. Rxc2 Bf8 26. Nc5 Bxc5 27. Rxc5 f6 28.
h4 Kf7 29. Rc3 Ke7 30. Rac1 Bd7 31. f4 exf4 32. gxf4 Be8 33. Bxb5 Rd8 34. Bd3
Rd7 35. Kf2 Rda7 36. Ra1 Ra4 37. Rb3 Rb8 38. Ke3 Rba8 39. Kd4 c5+ 40. Kxc5 Rd8
41. Bc4 Rd2 42. Rc1 Ra8 43. b5 Rc8+ 44. Kb4 Rd4 45. a4 Rxe4 46. Rbc3 Rb8 47. Rf1
Kf8 48. Kb3 h5 49. Rff3 Re1 50. Kb4 Rb1+ 51. Rb3 Ra1 52. a5 Kg7 53. Ra3 Rc1 54.
Rfc3 Rb1+ 55. Rcb3 Rc1 56. a6 Rd1 57. a7 Ra8 58. b6 Bc6 59. Rd3 Rc1 60. Rd6 Bg2
61. b7 Rb1+ 62. Bb3 Bxb7 63. Rd7+ Kh6 64. Rxb7 1-0

[Event "Gelfand Challenge 2021"]
[Site "chess24.com INT"]
[Date "2021.06.13"]
[Round "16.1"]
[White "Keymer, Vincent"]
[Black "Murzin, Volodar"]
[Result "0-1"]
[WhiteTitle "GM"]
[BlackTitle "IM"]
[WhiteElo "2591"]
[BlackElo "2502"]
[WhiteFideId "12940690"]
[BlackFideId "44155573"]
[EventDate "2021.06.10"]

1. c4 Nf6 2. Nf3 g6 3. Nc3 Bg7 4. g3 O-O 5. Bg2 d6 6. d4 Nc6 7. O-O Bf5 8. Ne1
Re8 9. h3 Qc8 10. g4 Bd7 11. Nc2 h5 12. f3 e5 13. d5 Na5 14. b3 e4 15. Bb2 exf3
16. exf3 c6 17. Kh1 a6 18. dxc6 Nxc6 19. Qxd6 Be6 20. Na4 Qd8 21. Rad1 Qxd6 22.
Rxd6 Bf8 23. Rdd1 Nd7 24. gxh5 Bf5 25. Nd4 Nxd4 26. Bxd4 b5 27. Nc3 bxc4 28.
hxg6 fxg6 29. bxc4 Rac8 30. f4 Bg7 31. Bb7 Rc7 32. Bxa6 Bxd4 33. Rxd4 Nc5 34.
Bb5 Re3 35. Nd5 Rxh3+ 36. Kg2 Ra7 37. Rf2 Kf8 38. Re2 Raa3 39. Nf6 Rag3+ 40. Kf2
Nd3+ 41. Rxd3 Bxd3 42. Re8+ Kf7 43. Nd5 Rf3+ 44. Ke1 Rh2 45. Re7+ Kf8 46. Re8+
Kg7 47. Re7+ Kh6 48. Ne3 Rg3 49. Nf1 Rg1 50. Kd1 Rxf1+ 51. Re1 Bc2+ 0-1

[Event "Gelfand Challenge 2021"]
[Site "chess24.com INT"]
[Date "2021.06.13"]
[Round "16.2"]
[White "Abdusattorov, Nodirbek"]
[Black "Khademalsharieh, Sarasadat"]
[Result "0-1"]
[WhiteTitle "GM"]
[BlackTitle "IM"]
[WhiteElo "2634"]
[BlackElo "2494"]
[WhiteFideId "14204118"]
[BlackFideId "12512214"]
[EventDate "2021.06.10"]

1. d4 Nf6 2. c4 e6 3. Nc3 Bb4 4. Qc2 d5 5. cxd5 exd5 6. Bg5 O-O 7. e3 c6 8. Bd3
h6 9. Bh4 Nbd7 10. Ne2 Re8 11. O-O Be7 12. f3 b6 13. Kh1 Bb7 14. Rae1 c5 15. Bf5
cxd4 16. exd4 a6 17. a4 Nf8 18. Qb3 Qd6 19. Bb1 Rac8 20. Ng3 Qb4 21. Qxb4 Bxb4
22. Bxf6 Rxe1 23. Rxe1 Bxc3 24. bxc3 gxf6 25. Nf5 Rxc3 26. Nxh6+ Kg7 27. Nf5+
Kg8 28. h4 Ne6 29. h5 Bc6 30. h6 Bxa4 31. Ne7+ Kh8 32. Nxd5 Rc4 33. Nxb6 Rxd4
34. Nxa4 Rxa4 35. g4 Rd4 36. Bf5 Rd8 37. Rb1 Nd4 38. Be4 Nb5 39. Rc1 Nd6 40. Bd3
a5 41. Rc6 f5 42. g5 Kh7 43. f4 Kg6 44. Rc7 a4 45. Ra7 a3 46. Kg2 a2 47. Kg3 Nc8
48. Ra6+ Rd6 49. h7 Kg7 50. Rxa2 Rxd3+ 51. Kf2 Kxh7 52. Ra6 Nd6 53. Ke2 Rd5 54.
Kf3 Ne4 55. Ke3 Rd3+ 56. Ke2 Rd6 57. Ra8 Nc3+ 58. Ke3 Nd5+ 59. Kf3 Rb6 60. Ra5
Rb3+ 61. Kf2 Rd3 62. Ra4 Kg6 63. Ra6+ Kh5 0-1

[Event "Gelfand Challenge 2021"]
[Site "chess24.com INT"]
[Date "2021.06.13"]
[Round "16.3"]
[White "Yip, Carissa"]
[Black "Liang, Awonder"]
[Result "1/2-1/2"]
[WhiteTitle "IM"]
[BlackTitle "GM"]
[WhiteElo "2430"]
[BlackElo "2592"]
[WhiteFideId "2090732"]
[BlackFideId "2056437"]
[EventDate "2021.06.10"]

1. Nf3 d5 2. g3 Nc6 3. d4 Bf5 4. Bg2 Qd7 5. c4 dxc4 6. Na3 O-O-O 7. Nxc4 f6 8.
O-O Bh3 9. Be3 Bxg2 10. Kxg2 h5 11. h4 Nh6 12. Qa4 Nf5 13. d5 Qxd5 14. Bxa7 Nxa7
15. e4 Qc5 16. exf5 Kb8 17. Rfd1 Rc8 18. Ne3 g5 19. fxg6 Bh6 20. Rac1 Qb5 21.
Qe4 Rhg8 22. Rc3 Bxe3 23. Rxe3 Qe8 24. Nd4 e5 25. Rb3 b6 26. Nf5 Rxg6 27. Nd6
Qc6 28. Qxc6 Nxc6 29. Nxc8 Kxc8 30. Rc3 Nd4 31. a4 Kb7 32. b4 c6 33. Re3 Rg7 34.
Kf1 c5 35. bxc5 bxc5 36. Rc3 Kc6 37. Rdc1 Ne6 38. a5 f5 39. Re1 e4 40. a6 Kd5
41. Rb1 Ra7 42. Rb6 c4 43. Rxc4 Kxc4 44. Rxe6 Kd5 45. Rh6 Ke5 46. Ke2 f4 47.
Rxh5+ Kd4 48. Rh6 f3+ 49. Kd2 Rd7 50. h5 Ke5+ 51. Ke1 Rc7 52. Rb6 Rc1+ 53. Kd2
Ra1 54. h6 Ra2+ 55. Ke1 Ra1+ 56. Kd2 Ra2+ 57. Ke1 Ra1+ 58. Kd2 1/2-1/2

[Event "Gelfand Challenge 2021"]
[Site "chess24.com INT"]
[Date "2021.06.13"]
[Round "16.4"]
[White "Nihal, Sarin"]
[Black "Salimova, Nurgyul"]
[Result "0-1"]
[WhiteTitle "GM"]
[BlackTitle "IM"]
[WhiteElo "2620"]
[BlackElo "2395"]
[WhiteFideId "25092340"]
[BlackFideId "2915138"]
[EventDate "2021.06.10"]

1. b3 Nf6 2. Bb2 d5 3. Nf3 e6 4. e3 Bd6 5. d4 O-O 6. Bd3 a5 7. a3 a4 8. b4 b6 9.
O-O Ba6 10. b5 Bb7 11. Nbd2 c5 12. bxc6 Nxc6 13. c4 Ba6 14. Qe2 Na5 15. cxd5
Bxd3 16. Qxd3 Nxd5 17. e4 Nf4 18. Qe3 Ng6 19. g3 Qd7 20. h4 f5 21. Qd3 Nb3 22.
Nxb3 axb3 23. e5 Bc7 24. Qxb3 Ne7 25. Bc3 Nd5 26. Bb4 Rfc8 27. Rac1 Bd8 28. Kg2
h6 29. Bd6 g5 30. hxg5 hxg5 31. Nd2 g4 32. f4 Qh7 33. Rh1 Qb7 34. Kf2 b5 35. Rc5
Rxc5 36. dxc5 Ba5 37. Nf1 Bc3 38. Rh6 Bd4+ 39. Ke1 b4 40. a4 Bc3+ 41. Kf2 Bd4+
42. Ke1 Bc3+ 43. Nd2 Qa6 44. Qc2 Ne3 45. Rg6+ Kh7 0-1

[Event "Gelfand Challenge 2021"]
[Site "chess24.com INT"]
[Date "2021.06.13"]
[Round "16.5"]
[White "Zhu, Jiner"]
[Black "Badelka, Olga"]
[Result "1-0"]
[WhiteTitle "WGM"]
[BlackTitle "IM"]
[WhiteElo "2462"]
[BlackElo "2418"]
[WhiteFideId "8608059"]
[BlackFideId "13509926"]
[EventDate "2021.06.10"]

1. e4 c5 2. Nf3 d6 3. Bb5+ Bd7 4. Bxd7+ Nxd7 5. O-O Ngf6 6. Qe2 e6 7. b3 Be7 8.
Bb2 O-O 9. d4 Qc7 10. c4 cxd4 11. Nxd4 a6 12. Nc3 Rfe8 13. Rac1 Rac8 14. Rfe1
Qb8 15. Kh1 Bf8 16. Rcd1 Nc5 17. f3 g6 18. Nc2 Bg7 19. Rd2 Red8 20. Ne3 Ne8 21.
Red1 b6 22. g3 Qb7 23. Kg2 Rb8 24. b4 Nd7 25. a3 b5 26. Rc2 Ne5 27. cxb5 axb5
28. Rdc1 Rdc8 29. Nb1 Rxc2 30. Rxc2 f5 31. Nd2 Nf6 32. exf5 gxf5 33. Bxe5 dxe5
34. Nb3 Qe7 35. Nc5 Nd5 36. Rd2 Rd8 37. Nxd5 exd5 38. Qxb5 e4 39. Qc6 e3 40.
Rxd5 Re8 41. Rd7 Qe5 42. Nd3 Qc3 43. Rxg7+ Kxg7 44. Qxc3+ 1-0

[Event "Gelfand Challenge 2021"]
[Site "chess24.com INT"]
[Date "2021.06.13"]
[Round "16.6"]
[White "Mendonca, Leon Luke"]
[Black "Gukesh, D"]
[Result "0-1"]
[WhiteTitle "GM"]
[BlackTitle "GM"]
[WhiteElo "2549"]
[BlackElo "2578"]
[WhiteFideId "35028561"]
[BlackFideId "46616543"]
[EventDate "2021.06.10"]

1. d4 d5 2. Nf3 Nd7 3. Bf4 Ngf6 4. e3 e6 5. c4 Bb4+ 6. Nbd2 c5 7. dxc5 Bxc5 8.
Be2 O-O 9. O-O b6 10. Nb3 Ba6 11. Rc1 Rc8 12. cxd5 Bxe2 13. Qxe2 Nxd5 14. Bg3
Qe7 15. a3 Rfd8 16. Rfd1 h6 17. Nfd4 Bxd4 18. Nxd4 Nc5 19. f3 Qg5 20. Bf2 a5 21.
h4 Qe5 22. Nb5 Nf4 23. Rxd8+ Rxd8 24. Qf1 Nfd3 25. Rb1 Nxf2 26. Qxf2 Nd3 27. Qe2
Qxb5 28. Rd1 Rd5 29. Kh2 Qxb2 0-1

[Event "Gelfand Challenge 2021"]
[Site "chess24.com INT"]
[Date "2021.06.13"]
[Round "16.7"]
[White "Praggnanandhaa, R"]
[Black "Yoo, Christopher Woojin"]
[Result "1-0"]
[WhiteTitle "GM"]
[BlackTitle "IM"]
[WhiteElo "2608"]
[BlackElo "2457"]
[WhiteFideId "25059530"]
[BlackFideId "30909694"]
[EventDate "2021.06.10"]

1. d4 Nf6 2. c4 e6 3. Nc3 Bb4 4. Nf3 O-O 5. Bg5 d5 6. e3 h6 7. Bh4 Be7 8. Qc2 b6
9. Bxf6 Bxf6 10. cxd5 exd5 11. O-O-O Bg4 12. h3 Bxf3 13. gxf3 c6 14. Kb1 Qd6 15.
h4 Nd7 16. h5 Rfd8 17. Rg1 Qh2 18. Bd3 Qxh5 19. f4 Nf8 20. Rh1 Qf3 21. Rh2 c5
22. Be2 cxd4 23. Bxf3 dxc3 24. bxc3 1-0

[Event "Gelfand Challenge 2021"]
[Site "chess24.com INT"]
[Date "2021.06.13"]
[Round "16.8"]
[White "Bjerre, Jonas Buhl"]
[Black "Saduakassova, Dinara"]
[Result "1/2-1/2"]
[WhiteTitle "GM"]
[BlackTitle "IM"]
[WhiteElo "2542"]
[BlackElo "2500"]
[WhiteFideId "1444948"]
[BlackFideId "13700090"]
[EventDate "2021.06.10"]

1. e4 e5 2. Nf3 Nc6 3. Bb5 a6 4. Ba4 Nf6 5. d3 d6 6. O-O g6 7. c3 Bg7 8. Re1 O-O
9. h3 h6 10. a3 b5 11. Bc2 Bb7 12. Be3 d5 13. Nbd2 Qd6 14. Nb3 Nd7 15. Qd2 dxe4
16. dxe4 Qxd2 17. Nfxd2 Rfd8 18. a4 Bf8 19. Red1 Nb6 20. Nc5 Bxc5 21. Bxc5 Nxa4
22. Bxa4 bxa4 23. Be3 Kg7 24. Rxa4 a5 25. Rda1 Ba6 26. b4 Rab8 27. bxa5 Rd3 28.
R4a3 Rb2 29. Nb3 Rxc3 30. Nc5 Rxa3 31. Rxa3 Nb8 32. f4 Rb1+ 33. Kh2 exf4 34.
Bxf4 Rb5 35. Rc3 Bc8 36. Bxc7 Na6 37. Bb6 Nxc5 38. Bxc5 Ba6 39. Bd4+ Kf8 40. Bb6
Re5 41. Rc7 Rxe4 42. Ra7 Bd3 43. a6 Ra4 44. Ra8+ Kg7 45. a7 Be4 46. Re8 f5 47.
g4 Kf6 48. gxf5 gxf5 49. Kg3 Ra3+ 50. Kf2 Kg5 51. Rg8+ Kf6 52. Rf8+ Kg5 53. Be3+
Kg6 54. Re8 h5 55. h4 Kf6 56. Bd4+ Kf7 57. Rh8 Kg6 58. Be3 f4 59. Bxf4 Rf3+ 60.
Kg1 Rxf4 61. a8=Q Bxa8 62. Rxa8 Rxh4 63. Ra5 Rf4 64. Kg2 Rf5 65. Rxf5 Kxf5 66.
Kh3 Kg5 67. Kg3 h4+ 68. Kh3 Kh5 69. Kh2 Kg4 70. Kg2 h3+ 71. Kh2 Kh4 72. Kh1 Kg3
73. Kg1 h2+ 74. Kh1 Kh3 1/2-1/2

[Event "Gelfand Challenge 2021"]
[Site "chess24.com INT"]
[Date "2021.06.13"]
[Round "16.9"]
[White "Lei, Tingjie"]
[Black "Mammadzada, Gunay"]
[Result "0-1"]
[WhiteTitle "GM"]
[BlackTitle "IM"]
[WhiteElo "2505"]
[BlackElo "2443"]
[WhiteFideId "8605114"]
[BlackFideId "13403729"]
[EventDate "2021.06.10"]

1. d4 d5 2. c4 c6 3. Nf3 Nf6 4. Qb3 e6 5. Bg5 Nbd7 6. Nc3 Be7 7. e3 h6 8. Bh4
O-O 9. Rc1 a6 10. cxd5 exd5 11. Bd3 Ne4 12. Bxe7 Qxe7 13. Bxe4 dxe4 14. Nd2 Nf6
15. Qa3 Qe6 16. O-O Re8 17. Na4 Nd5 18. Nc5 Qg6 19. Kh1 Rb8 20. b4 Bf5 21. Qb3
Nf6 22. Nc4 Be6 23. Qd1 Re7 24. Ne5 Qg5 25. a4 Qh4 26. Nxe6 Rxe6 27. h3 Rd8 28.
Qb3 h5 29. f3 Qg5 30. f4 Qg3 31. f5 Rxe5 32. dxe5 Rd2 33. Rg1 Ng4 0-1

[Event "Gelfand Challenge 2021"]
[Site "chess24.com INT"]
[Date "2021.06.13"]
[Round "16.10"]
[White "Abdumalik, Zhansaya"]
[Black "Shuvalova, Polina"]
[Result "1/2-1/2"]
[WhiteTitle "IM"]
[BlackTitle "IM"]
[WhiteElo "2472"]
[BlackElo "2489"]
[WhiteFideId "13703544"]
[BlackFideId "24171760"]
[EventDate "2021.06.10"]

1. e4 c6 2. Nf3 d5 3. d3 g6 4. Nc3 Bg7 5. h3 Nf6 6. e5 Nfd7 7. d4 O-O 8. Be2 c5
9. Nxd5 cxd4 10. Nxd4 Nxe5 11. Nb5 Na6 12. Bg5 Nc6 13. c3 Be6 14. Ndc7 Nxc7 15.
Qxd8 Raxd8 16. Nxc7 Bc8 17. Nb5 a6 18. Na3 h6 19. Be3 e5 20. O-O e4 21. Rfd1 b5
22. Nc2 Be6 23. Bb6 Rxd1+ 24. Rxd1 Rb8 25. Bc5 Bxa2 26. Ne3 Be6 27. Nd5 a5 28.
f3 exf3 29. Bxf3 Ne5 30. Be2 Kh7 31. Bd6 Rd8 32. Bxb5 Kh8 33. Ne3 f5 34. Bc7
Rxd1+ 35. Nxd1 Bb3 36. Nf2 a4 37. Nd3 Nxd3 38. Bxd3 Kg8 39. Kf2 Kf7 40. Ke2 Ke6
41. Kd2 g5 42. Bc2 Bd5 43. g4 fxg4 44. hxg4 Bf3 45. Bxa4 Bxg4 46. Bc6 Be5 47.
Bxe5 Kxe5 48. Ke3 Be6 49. b4 h5 50. b5 Kd6 51. Kd4 h4 52. c4 Bd7 53. Bxd7 Kxd7
54. Ke3 1/2-1/2

[Event "Gelfand Challenge 2021"]
[Site "chess24.com INT"]
[Date "2021.06.13"]
[Round "17.1"]
[White "Shuvalova, Polina"]
[Black "Keymer, Vincent"]
[Result "1/2-1/2"]
[WhiteTitle "IM"]
[BlackTitle "GM"]
[WhiteElo "2489"]
[BlackElo "2591"]
[WhiteFideId "24171760"]
[BlackFideId "12940690"]
[EventDate "2021.06.10"]

1. e4 c5 2. Nf3 d6 3. d4 cxd4 4. Nxd4 Nf6 5. Nc3 a6 6. Be2 e5 7. Nb3 Be7 8. O-O
O-O 9. Qd3 Be6 10. Bd2 Re8 11. Nd5 Nxd5 12. exd5 Bc8 13. c4 a5 14. Bc3 Nd7 15.
Rae1 Bf6 16. Kh1 g6 17. Qc2 Bg7 18. Bd1 a4 19. Nd2 Nc5 20. f3 Bd7 21. b4 axb3
22. axb3 b5 23. Ne4 Qb6 24. Qf2 Qc7 25. Nxc5 dxc5 26. Bc2 Ra2 27. Re2 b4 28. Be1
Rea8 29. Qe3 Rb2 30. Be4 Raa2 31. Rxb2 Rxb2 32. Rf2 Rxf2 33. Bxf2 Bf8 34. g4 Qa5
35. Kg2 f6 36. Qd2 Qa6 37. Qc2 Be8 38. Qb2 Bd6 39. Be3 Bd7 40. Qf2 Qa5 41. Qc2
Kg7 42. Qf2 Qc7 43. Qa2 Bc8 44. h3 f5 45. Bc2 Kf6 46. Qa8 Kf7 47. Bb1 h5 48. Bc2
Kg7 49. Bb1 Kf6 50. Bc2 hxg4 51. hxg4 Kf7 52. Bb1 Kg7 53. Bc2 fxg4 54. fxg4 Bxg4
55. Qe8 Bf5 56. Bxf5 gxf5 57. Bg5 Qf7 58. Qd8 Qg6 59. Kf2 f4 60. Qd7+ Kg8 61.
Qd8+ Bf8 62. Be7 Qg3+ 63. Kf1 Qf3+ 64. Kg1 Qd1+ 65. Kf2 Qd2+ 66. Kf1 Qd3+ 67.
Kf2 Qg3+ 68. Kf1 Qh3+ 69. Kg1 Qh6 70. Bxc5 Qg6+ 71. Kf1 Qb1+ 72. Kf2 Qc2+ 73.
Kf1 Qd1+ 74. Kf2 Qd2+ 75. Kf1 Qd3+ 76. Kg1 Qg3+ 77. Kf1 Qf3+ 78. Kg1 Qd1+ 79.
Kh2 Qe2+ 80. Kg1 Qd1+ 81. Kh2 Qh5+ 82. Kg1 Qg6+ 83. Kf1 Qb1+ 84. Kf2 Qc2+ 85.
Kf1 Qd3+ 86. Kg1 1/2-1/2

[Event "Gelfand Challenge 2021"]
[Site "chess24.com INT"]
[Date "2021.06.13"]
[Round "17.2"]
[White "Mammadzada, Gunay"]
[Black "Abdumalik, Zhansaya"]
[Result "0-1"]
[WhiteTitle "IM"]
[BlackTitle "IM"]
[WhiteElo "2443"]
[BlackElo "2472"]
[WhiteFideId "13403729"]
[BlackFideId "13703544"]
[EventDate "2021.06.10"]

1. e4 c5 2. Nf3 Nc6 3. d4 cxd4 4. Nxd4 Nf6 5. Nc3 e5 6. Ndb5 d6 7. Bg5 a6 8. Na3
b5 9. Nd5 Be7 10. Bxf6 Bxf6 11. c3 Ne7 12. Nxf6+ gxf6 13. Bd3 Rg8 14. g3 Bg4 15.
f3 Be6 16. Qe2 Qb6 17. Nc2 f5 18. Ne3 fxe4 19. Bxe4 Rc8 20. Bxh7 Rh8 21. Bd3 f5
22. Qf2 Kf7 23. a3 a5 24. Rd1 b4 25. axb4 axb4 26. c4 f4 27. gxf4 exf4 28. Ng4
Qxf2+ 29. Kxf2 Bxc4 30. Be4 d5 31. Bb1 Nc6 32. h4 Rce8 33. Rd2 Rh5 34. Bc2 b3
35. Bd3 Nb4 36. Bf1 Reh8 37. Rd4 Rf5 38. Bxc4 dxc4 39. Rxc4 Nd3+ 40. Kg2 Nxb2
41. Rc7+ Ke6 42. Rb1 Kd6 43. Rc3 Na4 44. Rd3+ Kc6 45. Rdxb3 Rxh4 46. Rb4 Nc5 47.
Rb6+ Kc7 48. R6b4 Rh7 49. Rc1 Rd7 50. Rb2 Rdd5 51. Rbc2 Kd6 52. Rh1 Rf7 53. Rh6+
Kc7 54. Rf6 Rxf6 55. Nxf6 Rg5+ 56. Kf2 Kd6 57. Rxc5 Rxc5 58. Ne4+ Kd5 59. Nxc5
Kxc5 60. Kg2 Kd4 61. Kh3 Kd3 62. Kh4 Ke2 63. Kg4 Ke3 0-1

[Event "Gelfand Challenge 2021"]
[Site "chess24.com INT"]
[Date "2021.06.13"]
[Round "17.3"]
[White "Saduakassova, Dinara"]
[Black "Lei, Tingjie"]
[Result "0-1"]
[WhiteTitle "IM"]
[BlackTitle "GM"]
[WhiteElo "2500"]
[BlackElo "2505"]
[WhiteFideId "13700090"]
[BlackFideId "8605114"]
[EventDate "2021.06.10"]

1. d4 Nf6 2. Nf3 d5 3. c4 e6 4. g3 Bb4+ 5. Bd2 a5 6. Bg2 O-O 7. O-O dxc4 8. Qc2
Bxd2 9. Nbxd2 b5 10. a4 c6 11. b3 cxb3 12. Nxb3 Ba6 13. Rfc1 bxa4 14. Rxa4 Bb5
15. Ra2 Nd5 16. Qd2 a4 17. Nc5 Na6 18. Ne5 Nxc5 19. Rxc5 Qd6 20. e4 Ne7 21. Nc4
Qb8 22. Na3 Rd8 23. Qc3 Ba6 24. Rb2 Qd6 25. Rb4 Be2 26. f4 Bd1 27. e5 Qd7 28.
Bxc6 Nxc6 29. Rxc6 Rdc8 30. Rxc8+ Rxc8 31. Rc4 Rxc4 32. Nxc4 Bb3 33. Nd6 h6 34.
Qc5 Bd5 35. f5 Ba8 36. f6 gxf6 37. exf6 Qc6 38. Qxc6 Bxc6 39. Nc4 Bd5 40. Na3
Kh7 41. Kf2 Kg6 42. Ke3 Kxf6 43. Kf4 Bb3 44. g4 Ke7 45. h4 f6 46. Ke4 Kd6 47.
Nb5+ Kc6 48. Na3 Kb6 49. Kd3 Bd1 50. Nc4+ Kb5 51. Ne3 Bf3 52. Kc3 Ka5 53. Nc4+
Ka6 54. Kb4 Bxg4 55. Kxa4 Kb7 56. Ne3 Bf3 57. Kb5 Kc7 58. Kc5 Kd7 59. Nc4 Ke7
60. Nd2 Bg2 61. Nc4 f5 62. Ne5 Kf6 63. Kc4 f4 64. Kd3 Kf5 65. Ke2 Bd5 66. Kf2 h5
67. Nd7 Bb3 68. Kf3 Bd1+ 69. Kf2 Ke4 70. Nf8 Bg4 71. Ng6 f3 72. Ne5 Kxd4 0-1